000
00256nam a22001217a 4500
082
_a
823
_b
VER/T
100
_a
THOMAS, VERNON
245
_a
THE THREE FRIENDS
260
_a
MUMBAI
_b
B-Y-S
_c
1996
300
_a
44
650
_a
ENGLISH STORY
_z
INDIA
942
_c
BK
999
_c
7354
_d
7354